Working and living conditions of hundered twenty working in Shri Gopal Mills Ltd. at Yamuna Nagar (Record no. 1456392)

MARC details
000 -LEADER
fixed length control field 00626nam a2200181Ia 4500
005 - DATE AND TIME OF LATEST TRANSACTION
control field 20250923145837.0
008 - FIXED-LENGTH DATA ELEMENTS--GENERAL INFORMATION
fixed length control field 008 250917s9999 xx 000 0 eng d
037 ## - SOURCE OF ACQUISITION
Stock number Textual
040 ## - CATALOGING SOURCE
Original cataloging agency DSWL
Language of cataloging eng
Transcribing agency DSWL
041 ## - LANGUAGE CODE
Language code of text/sound track or separate title eng
Source of code eng
084 ## - COLON CLASSIFICATION NUMBER
Classification number X8(M13):9.243,dN37'N55't4, N56
Assigning agency DSWL
100 ## - MAIN ENTRY--PERSONAL NAME
Personal name Daljit Singh
9 (RLIN) 839503
245 #0 - TITLE STATEMENT
Title Working and living conditions of hundered twenty working in Shri Gopal Mills Ltd. at Yamuna Nagar
Statement of responsibility, etc. by Daljit Singh
260 ## - PUBLICATION, DISTRIBUTION, ETC.
Place of publication, distribution, etc. Delhi
Name of publisher, distributor, etc. D.S.S.W.
Date of publication, distribution, etc. 1956
300 ## - PHYSICAL DESCRIPTION
Extent xxiii,120p.
942 ## - ADDED ENTRY ELEMENTS (KOHA)
Koha item type Textual
Classification part X8(M13):9.243,dN37'N55't4, N56
Holdings
Withdrawn status Lost status Damaged status Not for loan Home library Current library Date acquired Total Checkouts Full call number Barcode Date last seen Price effective from Koha item type
        Department of Social Work Library Department of Social Work Library 2025-09-23   X8(M13):9.243,dN37'N55't4, N56 SW0024298 2025-09-23 2025-09-23 Textual
Copyright @ Delhi University Library System